000 00606nam a22001937a 4500
003 Ost
005 20250403144737.0
008 250402b |||||||| |||| 00| 0 eng d
020 _a9781569570296
040 _cBT-PhCST
050 _aD4622
082 _222
_a294.3444
_bMIN
100 _aYongey, Mingyur Rinpoche .
245 _aTurning confusion into clarity :
_ba guide to the foundation practices of tibetan buddhism /
260 _aSouth Asia,
_bShambhala South Asia Edition
_cc2014
300 _axiv, 369 p. :
_bill. ;
_c21 cm.
500 _aIncludes author biographies and index.
942 _2ddc
_cF
999 _c9975
_d9975